El señor de los anillos II: Las dos torres
Gespeichert in:
| 1. Verfasser: | |
|---|---|
| Format: | Buch |
| Sprache: | Undetermined |
| Veröffentlicht: |
Barcelona, España
Ediciones Minotauro
2001
|
| Schlagworte: | |
| Tags: |
Tag hinzufügen
Keine Tags, Fügen Sie den ersten Tag hinzu!
|
MARC
| LEADER | 00000nam a2200000Ia 4500 | ||
|---|---|---|---|
| 008 | 170316s9999 xx 000 0 und d | ||
| 090 | |a 800-Af T-1s v.2 | ||
| 100 | |a Tolkien, J. R. R. | ||
| 245 | |a El señor de los anillos II: Las dos torres | ||
| 260 | |a Barcelona, España | ||
| 260 | |b Ediciones Minotauro | ||
| 260 | |c 2001 | ||
| 300 | |a 463 páginas | ||
| 650 | |a LITERATURA AFRICANA | ||
| 999 | |c 19839 |d 19839 | ||
| 040 | |a cru BVZT | ||
| 942 | |c 15 D |h 800-Af T-1s v.2 |2 z | ||
